最後的禮物
| 資料類型: | 圖書 | 書目號: | 35445 |
Leader xxxxxxxxxx 001 __ DYNIX__393494 005 __ 20050205151043.0 008 __ chi 010 0_ |a957-29655-3-0|b平裝|dNT$100 100 __ |a20050205d2004 m y0chiy09 e. 101 0_ |achi. 102 __ |atw. 105 __ |ay z 000ay. 200 1_ |a最後的禮物|e|f葉文鶯等作. 205 __ |a初版. 210 __ |a臺北市|c慈濟中文期刊部|d民93. 215 0_ |a267面|c|d18公分. 225 12 |a生命系列|v2. 260 1_ |a2004. 300 __ |a 606 __ |2csh|a器官捐贈|x通俗作品. 681 __ |a857.85|b4409. 700 _1 |a葉|b文鶯.|4 702 __ |a|b|4 801 _0 |atw|bCIP|c20041115|gCCR. 801 _2 |atw|bPTL|c20050205|gCCR|m4. |